书目信息 |
| 题名: |
做人
|
|
| 作者: | 费勇 著 | |
| 分册: | ||
| 出版信息: | 西安 三秦出版社 2020.06 |
|
| 页数: | 250页 | |
| 开本: | 21cm | |
| 丛书名: | ||
| 单 册: | ||
| 中图分类: | B248.25 | |
| 科图分类: | ||
| 主题词: | 心学--xin xue--研究--中国--明代 | |
| 电子资源: | ||
| ISBN: | 978-7-5518-1031-9 | |
| 000 | 01125nam0 2200265 450 | |
| 001 | CAL 0120203014914 | |
| 005 | 20230217093113.0 | |
| 010 | @a978-7-5518-1031-9@dCNY49.80 | |
| 100 | @a20200707d2020 em y0chiy0120 ea | |
| 101 | 0 | @achi |
| 102 | @aCN@b610000 | |
| 105 | @aa z 000yy | |
| 106 | @ar | |
| 200 | 1 | @a做人@Azuo ren@e王阳明心学的真正传习@f费勇著 |
| 210 | @a西安@c三秦出版社@d2020.06 | |
| 215 | @a250页@c图@d21cm | |
| 314 | @a费勇, 文化学者。 | |
| 330 | @a本书将王阳明心学的核心概念解读为五个生活法则: 种子法则、心灵法则、纯粹法则、担当法则、行动法则, 通过这五项生活法则, 将王阳明的理论实践与现代生活相联系, 具体指导读者从内心根源出发, 从如何“做人”入手, 解决日常生活中的种种困惑: 如何在工作中获得幸福? 如何找到内心真正的热爱? 如何拥有不焦虑的人生? 从而拥有根脉清晰、枝繁叶茂的一生。 | |
| 517 | 1 | @a王阳明心学的真正传习@Awang yang ming xin xue de zhen zheng chuan xi |
| 600 | 0 | @a王守仁,@Awang shou ren@f1472-1528@x心学@x研究 |
| 606 | 0 | @a心学@Axin xue@x研究@y中国@z明代 |
| 690 | @aB248.25@v5 | |
| 701 | 0 | @a费勇@Afei yong@4著 |
| 801 | 0 | @aCN@bBJXHZP@c20230228 |
| 905 | @b1406904-7@dB248.25@e109@f4 | |
| 做人:王阳明心学的真正传习/费勇著.-西安:三秦出版社,2020.06 |
| 250页:图;21cm |
| ISBN 978-7-5518-1031-9:CNY49.80 |
| 本书将王阳明心学的核心概念解读为五个生活法则: 种子法则、心灵法则、纯粹法则、担当法则、行动法则, 通过这五项生活法则, 将王阳明的理论实践与现代生活相联系, 具体指导读者从内心根源出发, 从如何“做人”入手, 解决日常生活中的种种困惑: 如何在工作中获得幸福? 如何找到内心真正的热爱? 如何拥有不焦虑的人生? 从而拥有根脉清晰、枝繁叶茂的一生。 |
| ● |
| 相关链接 |
|
|
|
|
正题名:做人
索取号:B248.25/109
 
预约/预借
| 序号 | 登录号 | 条形码 | 馆藏地/架位号 | 状态 | 备注 |
| 1 | 1406904 | 214069041 | 第一样本阅览室/ [索取号:B248.25/109] | 在馆 | |
| 2 | 1406905 | 214069050 | 第一借阅区/ [索取号:B248.25/109] | 在馆 | |
| 3 | 1406906 | 214069069 | 第一借阅区/ [索取号:B248.25/109] | 在馆 | |
| 4 | 1406907 | 214069078 | 第一借阅区/ [索取号:B248.25/109] | 在馆 |